000 00918nac a22002537a 4500
001 BR8201976
003 BR-BrBNA
005 20240105115301.0
008 230509b bl.|||m| |||| 00| 0 por d
040 _aBR-BrBNA
_bpor
_cBiblioteca Nacional de Agricultura
072 _aE70; E15; E50
090 _aE70 BR8201976
110 1 _aBiblioteca Nacional de Agricultura, Brasilia, DF (Brasil);
_91256
110 1 _aInstituto Nacional de Colonizacao e Reforma Agraria, Brasilia, DF (Brasil)
245 1 _aBibliografia de cooperativismo [Brasil]
_bv. 1
246 1 _a[Bibliography of co-operativism [Brazil]]
260 3 _aBrasilia, DF (Brasil):
_c1981.
300 _a166 p.
490 _aBibliografias Agricolas. Serie Nacional - Biblioteca Nacional de Agricultura (Brazil)
_vno. 4
_x
650 _aCOOPERATIVA
650 _aBIBLIOGRAFIA
909 _a202312
_bLúcia Elande
_c55
_dLúcia Elande
942 _2AGRIS
_n0
_cMS
999 _c274060
_d274060